000 00524nam a2200157 4500
001 143593
003 ES-MaACL
005 20230906200843.0
007 t|
008 070214s1911 it r ||||1| ita d
100 1 _aSergi, Giuseppe (
_d1841-1936)
_9105546
245 1 2 _aL'uomo
_b: secondo le origini, l'antichitá, le variazioni e la distribuzione geografica /
_cGiuseppe Sergi.
260 _aTorino :
_bFratelli Bocca,
_c1911.
300 _aXXVII, 424 p., 107 p. :
_bil. ;
_c24 cm +
_e1 map.
852 _aES-MaACL
_jF-7520
999 _c143593
_d143593